| 000 | 00499nam a2200169Ia 4500 | ||
|---|---|---|---|
| 003 | LDD | ||
| 008 | 190117s9999 xx 000 0 und d | ||
| 020 | _c₹60 | ||
| 040 | _cLDD | ||
| 041 | _ahi | ||
| 082 | _a8H3.7 या 7902 भू | ||
| 100 | _aयात्री, से.श. | ||
| 245 | 0 |
_aभूख तथा अन्य कहानियाँ _cसे.श. यात्री |
|
| 260 |
_aदिल्ली _bसाहित्य _c1993 |
||
| 300 | _a147प्र. | ||
| 942 |
_2ddc _cH |
||
| 999 |
_c167666 _d167666 |
||